[Event "2BLW 2324 SV Koblenz - Bad Emstal/Wolfha"]
[Site "?"]
[Date "2024.02.03"]
[Round "6.1"]
[White "Galperin, Platon"]
[Black "Petrov, Marian"]
[Result "1-0"]
[WhiteElo "2558"]
[BlackElo "2446"]
[PlyCount "62"]
[EventDate "2024.??.??"]

1. e4 c5 2. Nf3 Nc6 3. Bb5 g6 4. O-O Bg7 5. c3 Nf6 6. Re1 O-O 7. h3 Qb6 8. a4 Rd8 9. Na3 d5 10. e5 Ne8 11. Nc2 Nc7 12. Bxc6 bxc6 13. a5 Qb5 14. d3 Ba6 15. d4 Ne6 16. dxc5 Nxc5 17. Nfd4 Qb7 18. Nb4 Bb5 19. Be3 Rac8 20. Nxb5 cxb5 21. a6 Qd7 22. Qe2 Na4 23. Rad1 e6 24. Bg5 Re8 25. Rd4 Rc4 26. Red1 Qc8 27. Rxc4 bxc4 28. Qe3 Nc5 29. Qd4 Nxa6 30. Nc2 Nc5 31. Ne3 Nd3 1-0

[Event "2BLW 2324 SV Koblenz - Bad Emstal/Wolfha"]
[Site "?"]
[Date "2024.02.03"]
[Round "6.2"]
[White "Wiedenkeller, Michael"]
[Black "Sivuk, Vitaly"]
[Result "0-1"]
[WhiteElo "2428"]
[BlackElo "2520"]
[PlyCount "58"]
[EventDate "2024.??.??"]

1. d4 d5 2. c4 e6 3. Nf3 Nf6 4. g3 Be7 5. Bg2 O-O 6. Nc3 a5 7. O-O c6 8. b3 b6 9. Qd3 Ba6 10. e4 b5 11. Ne5 bxc4 12. bxc4 Nfd7 13. exd5 exd5 14. Rd1 Nxe5 15. dxe5 Bxc4 16. Qd4 Nd7 17. Bh3 Nc5 18. Bf5 Qc7 19. Bb2 Rab8 20. Rab1 g6 21. Bc2 Ne6 22. Qg4 Bc5 23. Na4 Ba7 24. h4 Bxa2 25. Rbc1 Rb4 26. Qf3 Nd4 27. Bxd4 Rxd4 28. Nc3 Bc4 29. Qf6 Re8 0-1

[Event "2BLW 2324 SV Koblenz - Bad Emstal/Wolfha"]
[Site "?"]
[Date "2024.02.03"]
[Round "6.3"]
[White "Larkin, Vladyslav"]
[Black "Seul, Georg"]
[Result "0-1"]
[WhiteElo "2460"]
[BlackElo "2347"]
[PlyCount "90"]
[EventDate "2024.??.??"]

1. d4 Nf6 2. Nf3 e6 3. Bf4 c5 4. e3 cxd4 5. exd4 b6 6. a4 Ba6 7. Bb5 Be7 8. h3 O-O 9. Qe2 Qc8 10. O-O Nd5 11. Bxb8 Bxb5 12. axb5 Qxb8 13. Ra4 Qb7 14. Nbd2 Rac8 15. Nc4 Qc7 16. c3 a6 17. Na3 Nf4 18. Qd2 Bxa3 19. Rxa3 axb5 20. Rb3 Nd5 21. Re1 Qc4 22. Qd1 f6 23. Nd2 Qc6 24. Qe2 Nc7 25. Nb1 Ra8 26. Na3 Ra5 27. Rc1 Rfa8 28. Qf1 Qd5 29. Qd1 Ra4 30. Qc2 Qc6 31. Qd3 b4 32. Nc2 bxc3 33. Ne3 Ra1 34. Qf1 cxb2 35. Rxc6 Rxf1+ 36. Kxf1 dxc6 37. Rxb2 Ra6 38. Nc4 Nd5 39. Nd6 Kf8 40. g3 Ke7 41. Nc4 Kd7 42. h4 h5 43. Ke2 Kc7 44. Kd3 Ra1 45. Ke2 Ra2 0-1

[Event "2BLW 2324 SV Koblenz - Bad Emstal/Wolfha"]
[Site "?"]
[Date "2024.02.03"]
[Round "6.4"]
[White "Fritsche, Lutz"]
[Black "Bilych, Olexiy"]
[Result "1/2-1/2"]
[WhiteElo "2315"]
[BlackElo "2436"]
[PlyCount "84"]
[EventDate "2024.??.??"]

1. e4 e5 2. Bc4 Nf6 3. Qe2 Bc5 4. Nf3 d6 5. c3 O-O 6. d3 a5 7. Nbd2 c6 8. Bb3 Nbd7 9. Nf1 d5 10. Ng3 a4 11. Bc2 dxe4 12. dxe4 b6 13. Be3 Ba6 14. Qd2 Ng4 15. Bxc5 Nxc5 16. Qxd8 Rfxd8 17. h3 Nf6 18. Nxe5 Re8 19. f4 g5 20. Ng4 Nxg4 21. hxg4 gxf4 22. Nh5 Red8 23. Nxf4 Bd3 24. Bxd3 Nxd3+ 25. Nxd3 Rxd3 26. Ke2 Rg3 27. Kf2 Rxg4 28. Kf3 Rg6 29. Rad1 Ra5 30. Rh4 a3 31. b4 Rag5 32. g4 Rf6+ 33. Ke3 Kg7 34. Rd7 Re6 35. Ra7 h6 36. Rxa3 Rge5 37. Ra6 Rxe4+ 38. Kd3 Re3+ 39. Kd2 b5 40. a4 Re2+ 41. Kd3 R6e3+ 42. Kd4 Re4+ 1/2-1/2

[Event "2BLW 2324 SV Koblenz - Bad Emstal/Wolfha"]
[Site "?"]
[Date "2024.02.03"]
[Round "6.5"]
[White "Prokofiev, Valentyn"]
[Black "Hammes, Michael"]
[Result "1-0"]
[WhiteElo "2340"]
[BlackElo "2330"]
[PlyCount "83"]
[EventDate "2024.??.??"]

1. d4 Nf6 2. c4 e6 3. Nf3 Bb4+ 4. Nbd2 d5 5. a3 Be7 6. e3 O-O 7. Bd3 b6 8. O-O Bb7 9. b3 c5 10. Bb2 cxd4 11. exd4 Nc6 12. Rc1 Rc8 13. Re1 Re8 14. c5 a5 15. Bb5 Nd7 16. Bxc6 Bxc6 17. b4 axb4 18. axb4 Bf6 19. Nb3 bxc5 20. Nxc5 Bb5 21. Ra1 Nb8 22. Ne5 Nc6 23. Nxc6 Bxc6 24. Bc3 Qb6 25. Ra5 Qb8 26. Qh5 g6 27. Qf3 Bd8 28. Ra3 Qb5 29. Bd2 Qc4 30. Qf4 h5 31. Rf3 Rc7 32. h3 Rce7 33. Qh6 e5 34. Bg5 Ra7 35. Rxf7 Rxf7 36. Qxg6+ Rg7 37. Qxc6 Rf8 38. Qe6+ Kh7 39. Qh6+ Kg8 40. Ne6 Rff7 41. Nxg7 Qxd4 42. Nf5 1-0

[Event "2BLW 2324 SV Koblenz - Bad Emstal/Wolfha"]
[Site "?"]
[Date "2024.02.03"]
[Round "6.6"]
[White "Stewart, Neil"]
[Black "Rakhmangulova, Anastasiya"]
[Result "1/2-1/2"]
[WhiteElo "2264"]
[BlackElo "2309"]
[PlyCount "64"]
[EventDate "2024.??.??"]

1. d4 Nf6 2. c4 g6 3. Nc3 Bg7 4. e4 d6 5. Nf3 O-O 6. Bd3 Bg4 7. Be2 c5 8. d5 e6 9. O-O exd5 10. exd5 Re8 11. h3 Bf5 12. Nh4 Bc8 13. Bd3 Nbd7 14. Nf3 a6 15. a4 Ne5 16. Nxe5 Rxe5 17. Bf4 Re8 18. Re1 b6 19. Qf3 Ra7 20. Bg5 Rxe1+ 21. Rxe1 h6 22. Bh4 g5 23. Bg3 Re7 24. Rb1 Re8 25. Bf5 Bxf5 26. Qxf5 Qe7 27. f3 Nh5 28. Re1 Bd4+ 29. Kh2 Nxg3 30. Rxe7 Nf1+ 31. Kh1 Ng3+ 32. Kh2 Nf1+ 1/2-1/2

[Event "2BLW 2324 SV Koblenz - Bad Emstal/Wolfha"]
[Site "?"]
[Date "2024.02.03"]
[Round "6.7"]
[White "Tobak, Mikhail"]
[Black "Doncevic, Dario"]
[Result "1/2-1/2"]
[WhiteElo "2323"]
[BlackElo "2234"]
[PlyCount "103"]
[EventDate "2024.??.??"]

1. d4 f5 2. c4 Nf6 3. Nf3 g6 4. g3 Bg7 5. Bg2 d6 6. O-O O-O 7. Nc3 c6 8. Rb1 a5 9. d5 e5 10. dxe6 Bxe6 11. b3 Na6 12. Bf4 Nh5 13. Bg5 Qc7 14. Rc1 h6 15. Be3 Nc5 16. Bd4 Nf6 17. Ne1 Rad8 18. Nd3 Bf7 19. h3 Rfe8 20. Qc2 Ne6 21. Be3 Ng5 22. Qd2 Nge4 23. Nxe4 Nxe4 24. Bxe4 fxe4 25. Ne1 d5 26. Bxh6 dxc4 27. Qe3 Bd4 28. Qg5 Rd5 29. Qg4 cxb3 30. axb3 Rh5 31. Bf4 Qc8 32. Nc2 Bb2 33. Rb1 Bf6 34. Ne3 Rxh3 35. Qxc8 Rxc8 36. Nc4 g5 37. Kg2 Be6 38. Be3 Kg7 39. Nxa5 Rch8 40. Rh1 Rxh1 41. Rxh1 Rxh1 42. Kxh1 b5 43. Bc5 Bd5 44. Kg2 g4 45. Kf1 Bc3 46. b4 Kf7 47. Kg1 Ke8 48. Kf1 Kf7 49. Nb7 Ke6 50. Nd6 Kd7 51. Nf5 Bd2 52. Ne3 1/2-1/2

[Event "2BLW 2324 SV Koblenz - Bad Emstal/Wolfha"]
[Site "?"]
[Date "2024.02.03"]
[Round "6.8"]
[White "Petersen, Henrik"]
[Black "Kersten, Uwe"]
[Result "0-1"]
[WhiteElo "2157"]
[BlackElo "2212"]
[PlyCount "46"]
[EventDate "2024.??.??"]

1. e4 c5 2. Nf3 g6 3. d4 cxd4 4. Nxd4 Nf6 5. Nc3 d6 6. Bc4 Bg7 7. O-O O-O 8. Bb3 Nc6 9. Bg5 Bd7 10. Re1 Rc8 11. Nxc6 Bxc6 12. Qd2 b5 13. Bh6 Qb6 14. Rad1 Bxh6 15. Qxh6 Qxf2+ 16. Kh1 Qc5 17. Qf4 b4 18. Nd5 Bxd5 19. exd5 Rc7 20. Rd3 a5 21. Qg5 Qb5 22. c4 bxc3 23. Rxc3 Ne4 0-1

[Event "2BLW 2324 SG Porz - SG Solingen II"]
[Site "?"]
[Date "2024.02.04"]
[Round "6.1"]
[White "Krastev, Alexander"]
[Black "Lutz, Christopher"]
[Result "1/2-1/2"]
[WhiteElo "2457"]
[BlackElo "2523"]
[PlyCount "53"]
[EventDate "2024.??.??"]

1. e4 c5 2. Nf3 d6 3. Bb5+ Bd7 4. Bxd7+ Qxd7 5. c4 Nf6 6. Nc3 g6 7. d4 cxd4 8. Nxd4 Bg7 9. h3 O-O 10. Be3 Nc6 11. O-O Rac8 12. b3 a6 13. a4 Qc7 14. Qd2 Rfd8 15. Rfd1 Qa5 16. Rab1 Qc7 17. Nde2 Qa5 18. f3 Re8 19. Kh1 Ne5 20. Qe1 Ned7 21. Qf2 Qc7 22. g4 e6 23. Qg3 Bf8 24. Kg2 Qc6 25. Nd4 Qc7 26. Nde2 Qc6 27. Nd4 1/2-1/2

[Event "2BLW 2324 SG Porz - SG Solingen II"]
[Site "?"]
[Date "2024.02.04"]
[Round "6.3"]
[White "Wegerle, Joerg"]
[Black "Rotstein, Arkadij"]
[Result "0-1"]
[WhiteElo "2417"]
[BlackElo "2456"]
[PlyCount "75"]
[EventDate "2024.??.??"]

1. d4 d5 2. Nf3 Nf6 3. c3 e6 4. Bg5 h6 5. Bh4 c5 6. e3 Qb6 7. Qb3 Ne4 8. Nbd2 g5 9. Bg3 Nxg3 10. hxg3 Bg7 11. Be2 Nc6 12. g4 Bd7 13. Nf1 e5 14. Nxe5 Nxe5 15. dxe5 Qxb3 16. axb3 Bxe5 17. O-O-O Be6 18. g3 Bg7 19. f4 d4 20. c4 a5 21. Bf3 Ke7 22. Rd3 a4 23. f5 Bd7 24. exd4 cxd4 25. Nd2 h5 26. Re1+ Kf8 27. Bxb7 Ra7 28. Bd5 axb3 29. Rxb3 Bf6 30. Ne4 Bd8 31. Rb8 Kg7 32. f6+ Kh6 33. Kc2 Bxg4 34. Nd6 Kg6 35. Be4+ Kxf6 36. Rf1+ Kg7 37. Nb5 Re7 38. Bd3 0-1

[Event "2BLW 2324 SG Porz - SG Solingen II"]
[Site "?"]
[Date "2024.02.04"]
[Round "6.4"]
[White "Suvorov, Alexander"]
[Black "Halvax, Georg"]
[Result "1-0"]
[WhiteElo "2334"]
[BlackElo "2454"]
[PlyCount "79"]
[EventDate "2024.??.??"]

1. Nf3 d5 2. c4 e6 3. g3 Nf6 4. b3 dxc4 5. bxc4 b6 6. Bg2 Bb7 7. O-O c5 8. a4 Nc6 9. Ne5 Qc7 10. Nxc6 Bxc6 11. a5 Bxg2 12. Kxg2 Bd6 13. Qa4+ Ke7 14. d3 Be5 15. Ra2 Nd7 16. f4 Qb7+ 17. e4 Bd4 18. a6 Qc7 19. Na3 Nb8 20. Nb5 Qd7 21. f5 e5 22. f6+ gxf6 23. Qd1 Rg8 24. Qf3 Rg6 25. h4 Qc6 26. h5 Rg8 27. g4 Nd7 28. Kh2 f5 29. Qxf5 Qe6 30. Bg5+ f6 31. Qxe6+ Kxe6 32. Bh6 Ke7 33. Rg2 Kf7 34. Rg3 Rad8 35. g5 Ke6 36. Nxa7 fxg5 37. Bxg5 Rdf8 38. Rxf8 Rxf8 39. Nb5 Rf2+ 40. Rg2 1-0

[Event "2BLW 2324 SG Porz - SG Solingen II"]
[Site "?"]
[Date "2024.02.04"]
[Round "6.5"]
[White "Gaponenko, Inna"]
[Black "Suvorov, Luca"]
[Result "1/2-1/2"]
[WhiteElo "2328"]
[BlackElo "2338"]
[PlyCount "120"]
[EventDate "2024.??.??"]

1. e4 g6 2. d4 Bg7 3. Nc3 d6 4. f4 e6 5. Nf3 Ne7 6. Bd3 Nd7 7. e5 O-O 8. Be3 b6 9. Ne4 Bb7 10. O-O Nf5 11. Bf2 c5 12. c3 Bh6 13. g4 dxe5 14. dxe5 Bxf4 15. gxf5 Nxe5 16. Nxe5 exf5 17. Nxf7 Rxf7 18. Bc4 Bxe4 19. Qxd8+ Rxd8 20. Rad1 Bd2 21. Be1 Bg5 22. Bg3 b5 23. Rxd8+ Bxd8 24. Bxf7+ Kxf7 25. Rd1 Ke8 26. Bf2 Be7 27. b4 cxb4 28. cxb4 Bxb4 29. Bxa7 g5 30. a4 Bc2 31. Rd4 Bc3 32. axb5 Bxd4+ 33. Bxd4 Kf7 34. b6 Be4 35. Bc5 f4 36. Bd6 Ke6 37. Bc7 Kf5 38. Bd8 h5 39. Kf2 Bb7 40. Be7 Bd5 41. Bd8 Bc6 42. Be7 Bb7 43. Bd8 Kg4 44. Bf6 h4 45. Be7 h3 46. Bf6 Kf5 47. Bd8 g4 48. Bc7 g3+ 49. Kg1 Kg4 50. Be5 Kf3 51. Bd6 Bc6 52. Bc7 Bd5 53. Bd6 Bb7 54. Bc7 Ke3 55. Bd6 Kf3 56. Bc7 Ba6 57. Bd6 Bc8 58. Bc7 Ke3 59. Bd6 gxh2+ 60. Kxh2 f3 1/2-1/2

[Event "2BLW 2324 SG Porz - SG Solingen II"]
[Site "?"]
[Date "2024.02.04"]
[Round "6.6"]
[White "Korotkjevich, Stanislav"]
[Black "Schlecht, Daniel"]
[Result "1/2-1/2"]
[WhiteElo "2358"]
[BlackElo "2372"]
[PlyCount "24"]
[EventDate "2024.??.??"]

1. d4 d5 2. Nf3 Nf6 3. e3 c6 4. Bd3 Bg4 5. Nbd2 e6 6. b3 Nbd7 7. Bb2 Bd6 8. c4 Bh5 9. O-O O-O 10. Qc2 Bg6 11. e4 dxe4 12. Nxe4 Nxe4 1/2-1/2

[Event "2BLW 2324 SG Porz - SG Solingen II"]
[Site "?"]
[Date "2024.02.04"]
[Round "6.7"]
[White "Schaefer, Markus"]
[Black "Pauly, Carlo"]
[Result "1/2-1/2"]
[WhiteElo "2350"]
[BlackElo "2305"]
[PlyCount "80"]
[EventDate "2024.??.??"]

1. e4 c5 2. Nf3 Nc6 3. d4 cxd4 4. Nxd4 e5 5. Nb5 d6 6. N1c3 a6 7. Na3 Be7 8. Nc4 b5 9. Ne3 Nf6 10. a3 Rb8 11. g3 h5 12. h4 Nd4 13. Bg2 a5 14. Ne2 Nc6 15. Nc3 b4 16. Ncd5 Nxd5 17. Nxd5 Bg4 18. f3 Be6 19. axb4 Nxb4 20. Nxe7 Qxe7 21. O-O Qc7 22. Rf2 O-O 23. c3 Na6 24. f4 Bg4 25. Qc2 Nc5 26. Be3 Rb7 27. fxe5 dxe5 28. b4 axb4 29. cxb4 Ne6 30. Qxc7 Rxc7 31. Rb2 Nd4 32. b5 Rb8 33. Bf1 Bf3 34. Bxd4 exd4 35. Bd3 Rc3 36. Rd2 Re8 37. Ra4 Bxe4 38. Rxd4 Rc1+ 39. Kf2 Bxd3 40. R4xd3 Rb1 1/2-1/2

[Event "2BLW 2324 SG Porz - SG Solingen II"]
[Site "?"]
[Date "2024.02.04"]
[Round "6.8"]
[White "Sabirov, Rafael"]
[Black "Berg, Michael"]
[Result "1/2-1/2"]
[WhiteElo "2165"]
[BlackElo "2276"]
[PlyCount "30"]
[EventDate "2024.??.??"]

1. d4 Nf6 2. Nc3 d5 3. Bf4 c6 4. e3 Bf5 5. Nf3 e6 6. Ne5 h6 7. h4 h5 8. Bd3 Bd6 9. Qf3 Bb4 10. Qg3 g6 11. O-O Nbd7 12. f3 Bxd3 13. cxd3 Be7 14. Qh3 Nxe5 15. Bxe5 Bd6 1/2-1/2

[Event "2BLW 2324 SC Siegburg - Klub Kölner SF"]
[Site "?"]
[Date "2024.02.04"]
[Round "6.1"]
[White "Stork, Oliver"]
[Black "Baklan, Vladimir"]
[Result "1/2-1/2"]
[WhiteElo "2329"]
[BlackElo "2532"]
[PlyCount "108"]
[EventDate "2024.??.??"]

1. Nf3 Nf6 2. c4 b6 3. g3 Bb7 4. Bg2 g6 5. d4 Bg7 6. Nc3 Ne4 7. Bd2 e6 8. Rc1 Nxd2 9. Qxd2 O-O 10. O-O d6 11. c5 dxc5 12. dxc5 Na6 13. cxb6 Qxd2 14. Nxd2 Bxg2 15. Kxg2 axb6 16. Rfd1 Rfd8 17. Ndb1 Kf8 18. Kf1 Ke7 19. e3 Rxd1+ 20. Nxd1 c5 21. a4 Nb4 22. b3 Rd8 23. Ke2 f5 24. Nd2 Kd6 25. Nb2 Kc6 26. Ndc4 Na2 27. Rc2 Nc3+ 28. Ke1 b5 29. axb5+ Kxb5 30. Rd2 Rxd2 31. Nxd2 e5 32. Nd3 e4 33. Nf4 Bf6 34. Ne6 Be7 35. h4 Kb4 36. h5 Nd5 37. hxg6 hxg6 38. g4 Bh4 39. gxf5 gxf5 40. Ke2 Nc3+ 41. Kf1 Bf6 42. Ke1 Nd5 43. Ke2 Bc3 44. f3 Bxd2 45. fxe4 Nf6 46. Kxd2 fxe4 47. Kc2 Ng4 48. Kd2 Nh2 49. Kc2 Nf1 50. Ng5 Nxe3+ 51. Kc1 Kxb3 52. Nxe4 c4 53. Nd2+ Kc3 54. Nxc4 Nxc4 1/2-1/2

[Event "2BLW 2324 SC Siegburg - Klub Kölner SF"]
[Site "?"]
[Date "2024.02.04"]
[Round "6.2"]
[White "Kovchan, Alexander"]
[Black "Morawietz, Dieter"]
[Result "1-0"]
[WhiteElo "2482"]
[BlackElo "2386"]
[PlyCount "111"]
[EventDate "2024.??.??"]

1. e4 c5 2. Nf3 e6 3. d4 cxd4 4. Nxd4 Nc6 5. Nb5 d6 6. c4 Nf6 7. N1c3 a6 8. Nd4 Be7 9. Be2 O-O 10. O-O Re8 11. Be3 d5 12. exd5 exd5 13. Nxd5 Nxd5 14. cxd5 Nb4 15. Bc4 b5 16. Bb3 Bb7 17. Nf5 Nxd5 18. Qg4 g6 19. Rad1 Bf6 20. Qg3 Qd7 21. Nh6+ Kg7 22. Ng4 Bxb2 23. Bh6+ Kg8 24. Ne3 Re5 25. Bxd5 Bxd5 26. Rd2 Rh5 27. Nxd5 Rxd5 28. Rxb2 Rd1 29. Rb1 Rxb1 30. Rxb1 Rd8 31. h3 f6 32. Re1 Kf7 33. Be3 Qe6 34. a3 g5 35. Qc7+ Rd7 36. Qc2 Kg7 37. Qc3 Qd5 38. Rc1 Kg6 39. Qa5 Rd6 40. Qb4 Qd3 41. Rc7 Re6 42. Qc5 h5 43. Ra7 h4 44. Qc7 Qd1+ 45. Kh2 Qd6+ 46. Qxd6 Rxd6 47. Bc5 Rc6 48. Bb4 Kf5 49. Re7 Rc2 50. g4+ hxg3+ 51. Kxg3 Rc4 52. f3 Rc6 53. Re3 Rc2 54. Rc3 Ra2 55. Rc6 a5 56. Bc3 1-0

[Event "2BLW 2324 SC Siegburg - Klub Kölner SF"]
[Site "?"]
[Date "2024.02.04"]
[Round "6.3"]
[White "Helbig, Mark"]
[Black "Omelja, Artem"]
[Result "0-1"]
[WhiteElo "2283"]
[BlackElo "2438"]
[PlyCount "106"]
[EventDate "2024.??.??"]

1. d4 d5 2. c4 e6 3. Nf3 Nf6 4. g3 Bb4+ 5. Bd2 Be7 6. Bg2 O-O 7. O-O Nbd7 8. Qc2 c6 9. Bf4 b6 10. cxd5 cxd5 11. Rc1 Bb7 12. Nbd2 Rc8 13. Bc7 Qe8 14. Qa4 Nc5 15. Qxe8 Rfxe8 16. dxc5 Rxc7 17. cxb6 Rxc1+ 18. Rxc1 axb6 19. Rc7 Ba6 20. Bf1 Kf8 21. e3 Rc8 22. Ra7 Bxf1 23. Kxf1 Bb4 24. Nb3 Ne4 25. Ne5 Be7 26. Nd4 Ke8 27. Ke2 Nd6 28. Kd1 Bf6 29. Ndc6 Nc4 30. Nxc4 Rxc6 31. Na3 Bxb2 32. Nb5 Bf6 33. Kd2 g6 34. Rb7 Kf8 35. Kd3 Kg7 36. Rc7 Rxc7 37. Nxc7 Bd8 38. Nb5 Kf6 39. e4 dxe4+ 40. Kxe4 Ke7 41. h3 Kd7 42. Kd4 Be7 43. f3 Bc5+ 44. Kd3 f5 45. a4 Ke7 46. Kc2 Kf6 47. Na7 e5 48. Nc6 Ke6 49. Kd3 Kd5 50. Nd8 e4+ 51. fxe4+ fxe4+ 52. Kc3 Bd4+ 53. Kd2 Bf6 0-1

[Event "2BLW 2324 SC Siegburg - Klub Kölner SF"]
[Site "?"]
[Date "2024.02.04"]
[Round "6.4"]
[White "Zavgorodniy, Sergiy"]
[Black "Wacker, Peter"]
[Result "1/2-1/2"]
[WhiteElo "2401"]
[BlackElo "2240"]
[PlyCount "50"]
[EventDate "2024.??.??"]

1. e4 e5 2. Nf3 Nf6 3. Nc3 Nc6 4. d4 exd4 5. Nxd4 Bb4 6. Nxc6 bxc6 7. Bd3 d5 8. exd5 cxd5 9. O-O O-O 10. Bg5 c6 11. Na4 Bd6 12. c4 h6 13. Bh4 Be6 14. Rc1 Bf4 15. cxd5 Bxd5 16. Rc2 Qd6 17. Bxf6 Qxf6 18. Nc5 Rfe8 19. Bc4 Rad8 20. Bxd5 Rxd5 21. Qf3 Ree5 22. Ne4 Bxh2+ 23. Kxh2 Qh4+ 24. Kg1 Qxe4 25. Qxe4 Rxe4 1/2-1/2

[Event "2BLW 2324 SC Siegburg - Klub Kölner SF"]
[Site "?"]
[Date "2024.02.04"]
[Round "6.5"]
[White "Andersen, Hans-Christoph"]
[Black "Dzierzenga, Stefan"]
[Result "1/2-1/2"]
[WhiteElo "2220"]
[BlackElo "2135"]
[PlyCount "22"]
[EventDate "2024.??.??"]

1. d4 Nf6 2. Nf3 c5 3. d5 b5 4. e4 Nxe4 5. Bd3 Nf6 6. Bxb5 Qa5+ 7. Nc3 Ba6 8. Bxa6 Qxa6 9. Bf4 g6 10. Qd2 Bg7 11. Qe3 O-O 1/2-1/2

[Event "2BLW 2324 SC Siegburg - Klub Kölner SF"]
[Site "?"]
[Date "2024.02.04"]
[Round "6.6"]
[White "Albrecht, Oliver"]
[Black "Kurth, Justus"]
[Result "1/2-1/2"]
[WhiteElo "2142"]
[BlackElo "2270"]
[PlyCount "40"]
[EventDate "2024.??.??"]

1. Nf3 d5 2. g3 c6 3. Bg2 Bg4 4. d4 Nd7 5. Nbd2 Ngf6 6. c4 e6 7. O-O Be7 8. b3 O-O 9. Bb2 a5 10. Re1 a4 11. h3 Bh5 12. Qc1 b5 13. c5 h6 14. b4 Bg6 15. a3 Ne4 16. Nxe4 Bxe4 17. Bc3 f5 18. Bf1 f4 19. gxf4 Qe8 20. Qe3 Rf6 1/2-1/2

[Event "2BLW 2324 SC Siegburg - Klub Kölner SF"]
[Site "?"]
[Date "2024.02.04"]
[Round "6.7"]
[White "Werthebach, Felix"]
[Black "Kolkin, Michail"]
[Result "1-0"]
[WhiteElo "2255"]
[BlackElo "2334"]
[PlyCount "85"]
[EventDate "2024.??.??"]

1. c4 Nf6 2. g3 e6 3. Bg2 d5 4. Nf3 c5 5. cxd5 Nxd5 6. O-O Nc6 7. Nc3 Nxc3 8. bxc3 Bd6 9. d4 O-O 10. Bf4 Bxf4 11. gxf4 Qc7 12. Ne5 Nxe5 13. dxe5 Bd7 14. Qd6 Qxd6 15. exd6 Rab8 16. a4 Rfc8 17. Rfd1 Kf8 18. e4 Bc6 19. e5 Ke8 20. Rd3 Kd7 21. Rg3 g6 22. c4 Bxg2 23. Kxg2 Kc6 24. Rh3 h5 25. Rb3 Rf8 26. Rg3 Rg8 27. Kh3 Rbf8 28. Rag1 Rh8 29. Kh4 Rb8 30. Kg5 Rhd8 31. Kf6 Rd7 32. Rb1 a5 33. Rd3 b6 34. f5 exf5 35. Re1 Re8 36. e6 fxe6 37. Rxe6 Rxe6+ 38. Kxe6 f4 39. h4 Rd8 40. d7 Kc7 41. Ke7 f3 42. Rd6 g5 43. Rc6+ 1-0

[Event "2BLW 2324 SC Siegburg - Klub Kölner SF"]
[Site "?"]
[Date "2024.02.04"]
[Round "6.8"]
[White "Schnellbacher, Jan Eric"]
[Black "Strehse, Nelson"]
[Result "0-1"]
[WhiteElo "1980"]
[BlackElo "1979"]
[PlyCount "134"]
[EventDate "2024.??.??"]

1. e4 e5 2. d4 exd4 3. Qxd4 Nc6 4. Qe3 Nf6 5. Nc3 Bb4 6. Bd2 O-O 7. O-O-O Re8 8. Qg3 Nxe4 9. Nxe4 Rxe4 10. c3 Bf8 11. Bd3 Re8 12. Nf3 d5 13. Ng5 g6 14. h4 Ne5 15. Bc2 h5 16. Bf4 Qf6 17. Rxd5 Bd6 18. Kb1 Bf5 19. Bxf5 Qxf5+ 20. Ka1 Re7 21. Rhd1 Rae8 22. a3 Qc2 23. Bxe5 Rxe5 24. Qd3 Qb3 25. c4 Qxd3 26. R5xd3 Re2 27. R1d2 Bf4 28. Rxe2 Rxe2 29. Nh3 Be5 30. Rb3 b6 31. g3 Re1+ 32. Ka2 f6 33. f4 Bd4 34. Rd3 c5 35. f5 Re2 36. Rb3 Rh2 37. Nf4 g5 38. Nxh5 Be5 39. a4 gxh4 40. gxh4 Rxh4 41. Ng3 Rxc4 42. Ka3 Kf8 43. Nf1 Rc1 44. Rf3 Rb1 45. Rf2 Ra1+ 46. Kb3 Bd4 47. Rf3 Rb1 48. Kc4 Rxb2 49. Kd5 Ra2 50. Rh3 Rf2 51. Ng3 Rf3 52. Rh7 Rxg3 53. Rxa7 Rf3 54. Rb7 Rxf5+ 55. Kc4 Rf1 56. Rxb6 Ra1 57. Rb8+ Ke7 58. Ra8 Kd6 59. Kb5 Rb1+ 60. Kc4 Rb4+ 61. Kd3 Kc6 62. Ke4 Kb7 63. Ra5 Rb6 64. Kd5 Ra6 65. Rb5+ Kc7 66. a5 Ra8 67. Kc4 Rb8 0-1

[Event "2BLW 2324 Aachener SV - SG Porz"]
[Site "?"]
[Date "2024.02.24"]
[Round "7.1"]
[White "Lutz, Christopher"]
[Black "Seel, Christian"]
[Result "1/2-1/2"]
[WhiteElo "2523"]
[BlackElo "2480"]
[PlyCount "72"]
[EventDate "2024.??.??"]

1. e4 e5 2. Nf3 Nc6 3. Bb5 Nf6 4. d3 Bc5 5. Bxc6 dxc6 6. Nbd2 Be6 7. O-O Bd6 8. d4 Nd7 9. b3 Qe7 10. Bb2 f6 11. Qe2 Bg4 12. h3 Bh5 13. Qe3 exd4 14. Nxd4 Bg6 15. Nc4 Bc5 16. Rfe1 O-O-O 17. Qf4 Nb6 18. Nf5 Qd7 19. Nxb6+ Bxb6 20. Bc3 Rhe8 21. a4 a6 22. Qg4 Kb8 23. Rad1 Qf7 24. Qf4 Rd7 25. g4 h5 26. Kg2 hxg4 27. hxg4 Red8 28. Qf3 Bxf5 29. exf5 Rd5 30. Rxd5 cxd5 31. Re6 Qd7 32. Bd2 c6 33. Bf4+ Bc7 34. Qg3 Bxf4 35. Qxf4+ Ka8 36. a5 c5 1/2-1/2

[Event "2BLW 2324 Aachener SV - SG Porz"]
[Site "?"]
[Date "2024.02.24"]
[Round "7.2"]
[White "Nagy, Gabor"]
[Black "Xu, Xianliang"]
[Result "0-1"]
[WhiteElo "2434"]
[BlackElo "2455"]
[PlyCount "72"]
[EventDate "2024.??.??"]

1. d4 Nf6 2. Nf3 c5 3. d5 e6 4. c4 exd5 5. cxd5 d6 6. Nc3 g6 7. e4 Bg7 8. Be2 O-O 9. Be3 Bg4 10. Nd2 Bxe2 11. Qxe2 Na6 12. O-O Re8 13. h3 h6 14. Rad1 Nc7 15. a4 a6 16. a5 Nb5 17. Nxb5 axb5 18. Qxb5 Rxa5 19. Qxb7 Nxe4 20. Rfe1 Ra8 21. Nc4 Qh4 22. Qb3 Reb8 23. Qc2 Nc3 24. bxc3 Qxc4 25. Bd2 Ra2 26. Qe4 Qxe4 27. Rxe4 Rbb2 28. Be1 g5 29. g3 Be5 30. f4 gxf4 31. gxf4 Bf6 32. Rd3 Kh7 33. f5 Ra1 34. Rde3 Bg5 35. Re2 Rxe2 36. Rxe2 Bh4 0-1

[Event "2BLW 2324 Aachener SV - SG Porz"]
[Site "?"]
[Date "2024.02.24"]
[Round "7.3"]
[White "Rotstein, Arkadij"]
[Black "Galyas, Miklos"]
[Result "1/2-1/2"]
[WhiteElo "2456"]
[BlackElo "2388"]
[PlyCount "43"]
[EventDate "2024.??.??"]

1. c4 e6 2. Nf3 d5 3. e3 Nf6 4. b3 c5 5. Bb2 Nc6 6. cxd5 exd5 7. Bb5 Bd6 8. O-O O-O 9. d4 cxd4 10. Nxd4 Bd7 11. Be2 Re8 12. Nf3 Bg4 13. Nc3 a6 14. Rc1 Rc8 15. Nd4 Bd7 16. Bf3 Nxd4 17. Qxd4 Be5 18. Qd2 Ne4 19. Bxe4 dxe4 20. Ne2 Bb5 21. Qxd8 Rexd8 22. Bxe5 1/2-1/2

[Event "2BLW 2324 Aachener SV - SG Porz"]
[Site "?"]
[Date "2024.02.24"]
[Round "7.4"]
[White "Koch, Thomas"]
[Black "Suvorov, Luca"]
[Result "0-1"]
[WhiteElo "2431"]
[BlackElo "2338"]
[PlyCount "66"]
[EventDate "2024.??.??"]

1. d4 d5 2. c4 e6 3. Nc3 a6 4. cxd5 exd5 5. Nf3 Be7 6. Bf4 Nf6 7. e3 Nh5 8. Be5 O-O 9. Qb3 c6 10. Bxb8 Rxb8 11. Bxa6 Bd6 12. Be2 g6 13. O-O Re8 14. Rac1 Nf6 15. Qd1 Bg4 16. Nd2 Bf5 17. Na4 h5 18. Nc5 b6 19. Na4 c5 20. Nc3 cxd4 21. exd4 Bf4 22. g3 Bh6 23. Ra1 Ne4 24. Ndxe4 dxe4 25. Re1 e3 26. f3 Bg7 27. d5 b5 28. Qb3 h4 29. Bxb5 e2 30. Kg2 h3+ 31. Kh1 Bxc3 32. bxc3 Qf6 33. Qa4 Qxc3 0-1

[Event "2BLW 2324 Aachener SV - SG Porz"]
[Site "?"]
[Date "2024.02.24"]
[Round "7.5"]
[White "Pauly, Carlo"]
[Black "Lemmers, Oscar"]
[Result "0-1"]
[WhiteElo "2305"]
[BlackElo "2355"]
[PlyCount "106"]
[EventDate "2024.??.??"]

1. d4 d5 2. c4 c6 3. Nf3 Nf6 4. Nc3 dxc4 5. a4 Bf5 6. Ne5 Nbd7 7. Nxc4 Nb6 8. Ne5 a5 9. e3 g6 10. g4 Be6 11. g5 Nfd7 12. Nd3 Bg7 13. h4 O-O 14. h5 Bc4 15. hxg6 hxg6 16. Qg4 Re8 17. Qh4 Bxd3 18. Bxd3 Nf8 19. Ne4 f5 20. gxf6 exf6 21. Bc2 Nd5 22. Nc3 f5 23. Bb3 Ne6 24. Nxd5 cxd5 25. Qxd8 Raxd8 26. O-O Ng5 27. Kg2 Ne4 28. f3 Nf6 29. Bd2 Rd6 30. Rac1 Rb6 31. Rc3 Bf8 32. Rd3 Bb4 33. Bxb4 Rxb4 34. Kg3 Kg7 35. Rc1 g5 36. Rc5 Rxe3 37. Rc7+ Kg6 38. Rxe3 f4+ 39. Kg2 fxe3 40. Bc2+ Kh5 41. Kf1 g4 42. Ke2 g3 43. Kxe3 Kh4 44. b3 Rb6 45. f4 Kh3 46. Rg7 Ng4+ 47. Kf3 Nh2+ 48. Ke2 Re6+ 49. Kd1 Rf6 50. Rh7+ Kg2 51. b4 Kf2 52. Bb3 Ng4 53. Rg7 Rxf4 0-1